000 00567nam a2200193Ia 4500
005 20250923150035.0
008 008 250917s9999 xx 000 0 eng d
037 _aTextual
040 _aDSWL
_beng
_cDSWL
041 _aeng
_2eng
084 _aX:95.1,d,N19, N94
_qDSWL
245 0 _aVision of the future of Social Justice: Essays on the occusasion of the
_c by Geneva I.L.O.
260 _aGeneva
_b I.L.O.
_c1994
300 _a328 p.
365 _aINR
_b750
925 _g750
942 _cTEXL
_hX:95.1,d,N19, N94
999 _c1458866
_d1458866